| 000 | 00525nam a2200145 a 4500 | ||
|---|---|---|---|
| 001 | 000046163 | ||
| 005 | 20201002052658.0 | ||
| 008 | 150630s1993 dr 000 0 spa d | ||
| 040 |
_aDO-SdBNP _bspa _cBNPHU |
||
| 082 |
_axxxxxxxx _bxxxxxxxx |
||
| 245 | 0 | 3 | _aLa obra educativa del presidente Balaguer. |
| 260 |
_aSanto Domingo : _bSecretaría de Estado de Educación, _c1993. |
||
| 300 |
_a31 p. ; _c22 cm. |
||
| 500 | _aConferencia dictada por la Lic. Jacqueline Malagón, Secretaria de Estado de Educación Bellas Artes y Culto. | ||
| 999 |
_c45652 _d45652 |
||